[Event "48th Bosna Tournament 2018"]
[Site "Sarajevo"]
[Date "2018.05.09"]
[Round "7"]
[White "Sadikhov, Ulvi"]
[Black "Brkic, Ante"]
[Result "1/2-1/2"]
[WhiteElo "2473"]
[BlackElo "2598"]
[Annotator "TA"]
[PlyCount "70"]
[EventDate "2018.??.??"]
[EventType "swiss"]
[EventCountry "BIH"]
[SourceTitle "playchess.com"]
[Source "ChessBase"]
[SourceQuality "1"]

{[%evp 21,70,53,35,0,11,0,54,45,104,97,109,64,78,64,114,114,113,113,102,92,118,0,0,0,52,-30,-35,-39,-14,-32,0,0,0,0,18,-6,0,0,42,44,42,37,41,45,52,53,63,0,0,0,5]} 1. e4 c5 2. Nf3 d6 3. d4 cxd4 4. Nxd4 Nf6 {[%cal Bg8f6,Bf6d7,Bd7c5][%mdl 32]} 5. Nc3 a6 6. h3 {[%cal Bh2h3,Bh3h4,Bh4h5,Bh5h6][%mdl 32]} Nc6 7. g4 {B90: Sicilian Najdorf: Unusual White 6th moves, 6 Be3 Ng4 and 6 Be3 e5} Qb6 8. Nb3 e6 9. g5 Nd7 10. h4 Qc7 11. h5 b5 {LiveBook: 3 Games} 12. Rh3 Nc5 $146 ({Predecessor:} 12... Bb7 13. g6 Nf6 14. Be3 hxg6 15. hxg6 Rxh3 16. Bxh3 {0-1 (84) Sutovsky,E (2660)-Artemiev,V (2560) Baku 2013}) 13. Bf4 Ne5 (13... Na4 $11) 14. Qd4 {And now Nxc5 would win.} f6 ({Black should play} 14... Ned7 $14) 15. O-O-O $16 Be7 16. h6 g6 17. gxf6 Bxf6 {[#] Threatens to win with ...Ned3+!} 18. Bxb5+ $1 {[%mdl 512]} Ke7 (18... axb5 19. Nxb5) 19. Nxc5 axb5 20. Nb3 Bd7 {...Nc4 is the strong threat.} 21. Qb4 (21. Kb1 $16) 21... Rhc8 $11 {aiming for ...Ra4!} 22. Rhd3 Ra6 (22... Nxd3+ $11 23. Rxd3 Ke8 24. Bxd6 Qc4) 23. Rd5 (23. Rd4 $14) 23... Qc4 24. R5d4 $1 Qxb4 25. Rxb4 Rc4 (25... Nc4 $5 {[%cal Rc4b2]} 26. e5 Nxe5 $15) 26. a3 Rxb4 27. axb4 g5 28. Bg3 Ra8 29. Kb1 Rc8 30. Nd4 $36 {[%mdl 2048] White fights for an advantage.} Rb8 31. f4 gxf4 32. Bxf4 Nc4 33. b3 Ne5 34. Rd2 (34. Kc1 $14) 34... Ra8 35. Be3 Nf3 {Precision: White = 35%, Black = 54%.} 1/2-1/2

[Event "48th Bosna Tournament 2018"]
[Site "Sarajevo"]
[Date "2018.05.09"]
[Round "7"]
[White "Schreiner, Peter"]
[Black "Fier, Alexandr"]
[Result "0-1"]
[WhiteElo "2473"]
[BlackElo "2580"]
[Annotator "TA"]
[PlyCount "100"]
[EventDate "2018.??.??"]
[EventType "swiss"]
[EventCountry "BIH"]
[SourceTitle "playchess.com"]
[Source "ChessBase"]
[SourceQuality "1"]

{[%evp 24,99,27,36,49,20,31,20,36,23,23,29,23,15,22,10,21,27,28,14,20,0,39,41,56,48,47,34,43,15,39,5,17,-43,-58,-72,-28,-20,-17,-45,41,30,39,37,50,51,105,-96,-90,-90,-95,-100,-110,-278,-299,-395,-247,-550,-537,-500,-374,-1126,-1018,-916,-288,-5218,-5210,-5210,-5210,-5193,-4133,-29974,-29975,-29992,-29991,-29991,-29992,-29999]} 1. Nf3 Nf6 2. c4 g6 3. Nc3 Bg7 4. g3 O-O 5. Bg2 d6 6. d4 Nbd7 7. O-O e5 8. b3 Re8 9. e4 exd4 10. Nxd4 a6 11. Be3 Rb8 {E68: King's Indian: Fianchetto: 6...Nbd7 7 0-0 e5 8 e4} 12. f3 Ne5 13. a4 {[#] LiveBook: 4 Games} c6 $146 {White is slightly better.} ({Predecessor:} 13... Bd7 14. h3 Qc8 15. Kh2 c5 16. Nde2 b5 17. cxb5 axb5 18. Qxd6 b4 19. Nb5 Bxb5 20. axb5 Rxb5 {0-1 (36) Rodshtein,M (2678)-Adhiban,B (2627) Benasque 2015}) 14. Qd2 Nfd7 {[%cal Bf6d7,Bd7c5,Bc5a6,Ba6b4][%mdl 32]} 15. Rad1 Nc5 16. Qc2 Qe7 17. Rfe1 a5 18. h3 Na6 19. f4 Nb4 20. Qb1 Nd7 21. Bf2 Nc5 22. Na2 Nxa2 (22... Nba6 {looks sharper.} 23. Qc2 Bd7 24. g4 Rbd8 25. Qd2 h6) 23. Qxa2 Qf8 24. Qc2 Bd7 25. g4 Rbd8 26. Bh4 Rc8 27. Bg3 b5 28. axb5 (28. f5 $11) 28... cxb5 $15 29. Qa2 bxc4 30. bxc4 a4 31. Kh2 Bxd4 (31... Rb8 $15) 32. Rxd4 $14 Nb3 33. Rdd1 Rxc4 34. f5 $1 Bc6 ({Black should play} 34... d5 $14) 35. Rxd6 $2 (35. Bxd6 $16 Qg7 36. Qf2) 35... Bxe4 $17 36. Rxe4 Rcxe4 37. Bxe4 Rxe4 38. h4 $2 (38. Qf2 $17 {was worth a try.}) 38... Rxg4 $19 39. Rb6 {[#] Strongly threatening Bd6.} Rb4 40. Ra6 $2 (40. Bd6 {nothing else works.} Qd8 41. Bxb4 Qxb6 42. Be1 Qd6+ 43. Bg3 Qd2+ 44. Qxd2 Nxd2 45. Bd6) 40... Rd4 41. Qb1 {[%cal Rf5g6]} Qc8 42. Qf1 $2 (42. Rb6 Qd7 43. Qf1 Rxh4+ 44. Bxh4 Qc7+ 45. Bg3 Qxb6 46. Qc4) 42... Rd2+ 43. Kh3 Nd4 $2 (43... gxf5 {( -> ...f4+)} 44. Bf4 Qc3+ 45. Bg3 Nd4) 44. Be5 $2 (44. Rb6 Qxf5+ 45. Qxf5 Nxf5 46. Rb8+ Kg7 47. Be5+ f6 48. Rb7+ Kg8 49. Bxf6) 44... Qc3+ 45. Kg4 h5+ 46. Kf4 Qc8 47. Kg5 Nxf5 {Black mates.} 48. Bf6 {[#]} Rg2+ $1 {[%mdl 512]} 49. Kf4 (49. Qxg2 Qc1+) 49... Rg4+ 50. Ke5 Qc5# {Precision: White = 35%, Black = 62%.} 0-1

[Event "48th Bosna Tournament 2018"]
[Site "Sarajevo"]
[Date "2018.05.09"]
[Round "7"]
[White "Ozen, Bahadir"]
[Black "Kadric, Denis"]
[Result "0-1"]
[WhiteElo "2295"]
[BlackElo "2500"]
[Annotator "TA"]
[PlyCount "60"]
[EventDate "2018.??.??"]
[EventType "swiss"]
[EventCountry "BIH"]
[SourceTitle "playchess.com"]
[Source "ChessBase"]
[SourceQuality "1"]

{[%evp 20,60,20,14,22,20,13,-29,-16,-36,-35,-27,-40,-126,-120,-167,-160,-225,-235,-238,-239,-247,-242,-239,-243,-236,-236,-234,-196,-294,-110,-837,-818,-766,-855,-2486,-2312,-29990,-29991,-29994,-29995,-29998,-29999]} 1. g3 g6 2. Bg2 Bg7 3. c4 e5 4. Nc3 d6 5. d3 f5 6. Nf3 Nf6 7. Rb1 O-O 8. O-O h6 9. b4 {[%cal Bb2b4,Bb4b5][%mdl 32]} g5 10. Nd2 {A21: English Opening: 1...e5 2 Nc3} (10. b5 Kh8 11. Ba3 Nbd7 12. Nd2 a6 13. Qb3 axb5 14. cxb5 Nb6 15. Bb4 Qe8 16. a4 Be6 17. Qc2 Rb8 18. a5 {0-1 (37) Harikrishna,P (2727)-Ponomariov,R (2714) Beijing 2014}) 10... Nc6 11. b5 {LiveBook: 3 Games} Nd4 12. Ba3 $146 {The position is equal.} ({Predecessor:} 12. a4 Rb8 13. Bb2 h5 14. Nd5 Ne6 15. e3 g4 16. a5 Bd7 17. Qc2 h4 {0-1 (51) Hickl,J (2562)-Maiwald,J (2543) Germany 2004}) 12... a6 {[%cal Ba7a6,Ba6b5][%mdl 32]} 13. Qa4 (13. b6 $5) 13... Nd7 14. e3 Nb6 15. Qd1 axb5 16. exd4 ({White should try} 16. Qc1 $15 Ne6 17. cxb5) 16... Rxa3 $17 17. Qc1 exd4 {[%cal Be5d4,Bd4c3][%mdl 32]} 18. Qxa3 (18. Nxb5 $17 Rxa2 19. Rb2 Rxb2 20. Qxb2) 18... dxc3 $19 19. Nb3 bxc4 20. dxc4 f4 21. c5 f3 22. Bxf3 Rxf3 23. cxb6 c5 ({Not} 23... cxb6 24. Qb4 $17) 24. Rfe1 (24. Qa4 $142) 24... Bd7 $2 (24... Rf8 $19 {Hoping for ...Qf6.} 25. Qa4 Qf6 26. Qc4+ Kh8) 25. Qa7 $2 {[%mdl 8192]} (25. Rbd1 $17 Qxb6 {[#]} 26. Nxc5 $1 {[%mdl 512]}) 25... Bc6 26. Na5 Bd5 {Strongly threatening ...Rxf2.} 27. Nxb7 Qf8 28. Nxd6 Rxf2 {Black mates.} 29. Ne4 {[#]} Bd4 $1 {[%mdl 512]} 30. Qd7 Re2+ {Precision: White = 18%, Black = 66%.} 0-1

[Event "48th Bosna Tournament 2018"]
[Site "Sarajevo"]
[Date "2018.05.10"]
[Round "8"]
[White "Predke, Alexandr"]
[Black "Djukic, Nikola"]
[Result "1-0"]
[WhiteElo "2603"]
[BlackElo "2556"]
[Annotator "TA"]
[PlyCount "107"]
[EventDate "2018.??.??"]
[EventType "swiss"]
[EventCountry "BIH"]
[SourceTitle "playchess.com"]
[Source "ChessBase"]
[SourceQuality "1"]

{[%evp 30,107,28,28,28,28,29,29,39,35,58,36,58,58,55,56,46,55,56,48,66,60,68,58,67,60,62,70,71,57,56,52,86,77,85,84,75,64,66,65,115,119,119,121,114,118,149,83,176,176,176,176,176,176,176,176,258,259,266,266,324,313,288,266,239,239,212,212,212,198,205,180,178,170,216,215,5164,5119,2599,2073]} 1. e4 c5 2. Nf3 Nc6 3. d4 cxd4 4. Nxd4 g6 5. c4 Nf6 6. Nc3 Nxd4 7. Qxd4 d6 8. Be3 Bg7 9. f3 O-O 10. Qd2 Qa5 11. Rc1 Be6 12. b3 {B36: Sicilian: Maroczy Bind: Gurgenidze System} Rfc8 13. Bd3 a6 14. Ne2 Qxd2+ 15. Kxd2 Nd7 {[%cal Bf6d7,Bd7c5,Bc5e6][%mdl 32]} 16. Nf4 {LiveBook: 3 Games} Nc5 17. Be2 a5 18. h4 {[#]} Be5 $146 ({Predecessor:} 18... Na6 19. Rb1 Nb4 {1-0 (70) Kasparov,G (2838)-Kasimdzhanov,R (2704) Batumi 2001}) 19. g4 {[%cal Bg2g4,Bg4g5][%mdl 32]} f6 20. g5 f5 21. Nxe6 Nxe6 22. exf5 gxf5 23. Bd3 Rf8 24. c5 f4 25. Bf2 Nxc5 26. Bxc5 dxc5 27. Rxc5 Bd6 28. Rb5 Rab8 29. Bc4+ Kg7 30. h5 {[%cal Bh4h5,Bh5h6][%mdl 32]} b6 31. h6+ Kh8 32. Rd5 Rbd8 33. Kd3 e6 34. Rd4 Be7 35. Rxd8 Rxd8+ $16 {[%mdl 4096] Endgame KRB-KRB} 36. Ke4 Bxg5 37. Bxe6 Rf8 38. Ke5 (38. Kd5 $142) 38... Bf6+ {[#]} (38... Be7 $16) 39. Kd6 $1 $18 ({Don't play} 39. Kxf4 $6 Bc3+ 40. Bf5 Bd2+ 41. Ke5 Re8+ 42. Kf6 Be3 $16) 39... Rd8+ 40. Kc7 Re8 41. Bc4 Bd4 42. Rh4 b5 (42... Re7+ {was called for.} 43. Kd8 Ra7 44. Rxf4 Ra8+ 45. Kd7 Be3) 43. Bxb5 Re6 44. Kd7 Rf6 45. Rh5 Bc3 46. Ke7 Rb6 47. Bc4 Bb4+ 48. Kf7 Rb7+ 49. Kf6 Rb6+ 50. Kf5 Rg6 51. Ke4 Be1 52. Bf7 ({Resist} 52. Kxf4 Rxh6 53. Rxh6 Bd2+ 54. Ke5 Bxh6 $16) 52... Rf6 $2 (52... Rd6 53. Rb5 (53. Kxf4 Rf6+ 54. Rf5 Rxh6 $16) 53... Rd8 54. Kxf4 Bd2+ 55. Ke4 Bxh6 56. Rxa5 Bd2) 53. Re5 {[%cal Re5e8]} Rxh6 {[#]} 54. Rg5 $1 {Precision: White = 84%, Black = 52%.} 1-0

[Event "48th Bosna Tournament 2018"]
[Site "Sarajevo"]
[Date "2018.05.10"]
[Round "8"]
[White "Brkic, Ante"]
[Black "Tratar, Marko"]
[Result "1-0"]
[WhiteElo "2598"]
[BlackElo "2456"]
[Annotator "TA"]
[PlyCount "47"]
[EventDate "2018.??.??"]
[EventType "swiss"]
[EventCountry "BIH"]
[SourceTitle "playchess.com"]
[Source "ChessBase"]
[SourceQuality "1"]

{[%evp 19,47,15,17,10,14,7,15,0,27,30,27,31,27,40,100,105,160,161,261,246,252,272,309,300,286,294,300,305,302,315]} 1. e4 d5 2. exd5 Qxd5 3. Nc3 Qd6 4. d4 c6 5. Nf3 Nf6 6. g3 {B01: Scandinavian Defence} (6. h3 Nbd7 7. Bd3 g6 8. O-O Bg7 9. Re1 O-O 10. Qe2 e6 11. Bg5 b6 12. Rad1 Bb7 13. Ne5 c5 14. dxc5 Qxe5 15. Qxe5 Nxe5 16. Rxe5 {1-0 (90) Guseinov,G (2645)-Carlsen,M (2832) chess.com INT 2017}) 6... Bf5 7. Bf4 Qd8 8. Bg2 e6 9. O-O Be7 10. Ne5 h6 {LiveBook: 6 Games} 11. Qe2 (11. a4 {feels hotter.} O-O 12. Nc4 Na6 13. Be5 Nc7 14. a5) 11... O-O 12. Rad1 Nbd7 13. Rfe1 $146 ({Predecessor:} 13. g4 Bh7 {0-1 (79) Neiksans,A (2627)-Milanovic,D (2502) chess.com INT 2017}) 13... Nb6 14. a3 Rc8 15. g4 Bh7 16. Bg3 Nfd5 (16... Nbd7 $14) 17. Ne4 $16 f6 ({Black should play} 17... Bg5) 18. Nd3 $36 {[%mdl 2048] Ndc5 is the strong threat. White is really pushing.} f5 {[#]} (18... Nd7 {keeps fighting.} 19. c4 Nc7) 19. Nec5 $1 $18 {[%cal Rc5e6]} Bxc5 20. dxc5 {White has a decisive advantage.} (20. Qxe6+ $6 Kh8 $16) 20... f4 21. Nxf4 ({Less strong is} 21. cxb6 fxg3 22. hxg3 (22. Qxe6+ Kh8 $16) 22... Qxb6 $16) 21... Nxf4 22. Bxf4 Nd5 23. Bd6 ({Don't do} 23. Qxe6+ Kh8 $18) 23... Re8 24. c4 {Precision: White = 69%, Black = 58%.} 1-0

[Event "48th Bosna Tournament 2018"]
[Site "Sarajevo"]
[Date "2018.05.10"]
[Round "8"]
[White "Kozul, Zdenko"]
[Black "Yilmaz, Mustafa"]
[Result "0-1"]
[WhiteElo "2597"]
[BlackElo "2621"]
[Annotator "TA"]
[PlyCount "80"]
[EventDate "2018.??.??"]
[EventType "swiss"]
[EventCountry "BIH"]
[SourceTitle "playchess.com"]
[Source "ChessBase"]
[SourceQuality "1"]

{[%evp 24,80,28,14,19,0,0,0,0,0,0,-15,0,-23,-3,-20,-18,-33,-39,-38,-32,-62,-59,-89,-8,-25,-9,-26,-42,-120,-106,-95,-104,-92,-33,-33,-26,-202,-177,-173,-120,-322,-315,-495,-940,-720,-495,-495,-492,-454,-439,-2440,-1682,-2437,-2038,-1193,-1522,-1071,-1064]} 1. d4 Nf6 2. c4 e6 3. Nf3 c5 4. d5 d6 5. Nc3 exd5 6. cxd5 g6 7. e4 Bg7 8. Be2 O-O 9. O-O Re8 10. Nd2 Nbd7 11. a4 Ne5 12. Re1 a6 13. Nf1 {[#] LiveBook: 20 Games. A77: Modern Benoni: Classical: 9...Re8 10 Nd2: 10...a6 and 10...Nbd7} Nfg4 $146 ({Predecessor:} 13... Rb8 14. h3 Qc7 15. a5 b5 16. axb6 Rxb6 17. Ra2 Rb4 18. Bxa6 Bxa6 19. Rxa6 Rd4 20. Qe2 Nd3 21. Rd1 Qb7 22. Rxd6 Qb8 23. Ra6 Nxe4 24. Nxe4 Nxc1 25. Rxc1 Rdxe4 26. Ne3 Bxb2 {1-0 (26) Neverov,V (2498)-Gabuzyan,H (2620) Gjakova 2016}) 14. f3 Nh6 $1 15. Be3 {Strongly threatening Qd2.The position is equal.} f5 16. Qd2 Nef7 17. Bd3 fxe4 18. Bxe4 Bd7 19. h3 b5 20. axb5 axb5 21. Rxa8 Qxa8 22. g4 b4 23. Nd1 $1 Rxe4 (23... Qa2 $17) 24. fxe4 $11 Ne5 25. Nh2 Nhf7 {[%cal Bh6f7,Bf7e5,Be5d3,Bd3e1][%mdl 32]} 26. Bf4 ({White should try} 26. b3 $15) 26... Bb5 $17 27. Bxe5 Nxe5 28. g5 Qc8 (28... Qf8 $17 29. Kg2 h6) 29. Kg2 $1 $15 Nd3 $36 {[%mdl 2048] Black is pushing.} 30. Ng4 $2 (30. Re3 $11 Nf4+ 31. Kh1) 30... Nxe1+ $19 31. Qxe1 Bd7 (31... Qf8 $1 $19 32. Qf2 Ba4) 32. Qg3 $2 {[#]} (32. Nde3 $17) 32... Bxg4 $1 33. Qxg4 (33. hxg4 {only move.} Be5 34. Qf3) 33... Qxg4+ {Black is clearly winning.} 34. hxg4 {[%mdl 4096] Endgame KB-KN} c4 {Hoping for ...b3.} 35. Ne3 Bxb2 {And now ...c3 would win.} 36. Nxc4 Be5 37. Kf3 (37. Na5 $142 Bf4 38. Kf2) 37... b3 {[%cal Bb4b3,Bb3b2][%mdl 32]} 38. Ke3 b2 39. Na3 Kg7 40. Kd3 {[#]} h5 $1 {Precision: White = 28%, Black = 71%.} 0-1

[Event "48th Bosna Tournament 2018"]
[Site "Sarajevo"]
[Date "2018.05.10"]
[Round "8"]
[White "Fier, Alexandr"]
[Black "Cvitan, Ognjen"]
[Result "1/2-1/2"]
[WhiteElo "2580"]
[BlackElo "2487"]
[Annotator "TA"]
[PlyCount "69"]
[EventDate "2018.??.??"]
[EventType "swiss"]
[EventCountry "BIH"]
[SourceTitle "playchess.com"]
[Source "ChessBase"]
[SourceQuality "1"]

{[%evp 23,69,22,86,17,32,7,4,7,23,14,0,0,0,0,0,0,0,0,0,0,0,0,8,0,0,0,0,0,0,0,0,0,0,0,0,0,7,7,5,-8,-8,-8,-8,-17,0,0,0,0]} 1. e4 c5 2. Nf3 g6 3. d4 cxd4 4. Nxd4 Nc6 5. c4 Nf6 6. Nc3 d6 7. Nc2 Bg7 8. Be2 O-O 9. O-O Bd7 10. Be3 Qa5 11. f3 {B38: Sicilian: Maroczy Bind with 5...Bg7 and 7...0-0} Rfc8 12. Rb1 (12. Rc1 Ne5 13. b4 Qd8 14. Na3 a5 15. b5 a4 16. Nd5 Nxd5 17. cxd5 Rxc1 18. Qxc1 Qa5 {0-1 (50) Leko,P (2693)-Adhiban,B (2666) Doha 2016}) 12... Ne5 {[#] LiveBook: 3 Games} (12... Be6 $11) 13. b4 (13. c5 $1 $16 {[%mdl 512]}) 13... Qd8 $11 14. Na3 Be6 {[%cal Re5c4]} 15. Nd5 Bxd5 (15... b5 $5) 16. cxd5 $146 ({Predecessor:} 16. exd5 a5 17. b5 b6 18. f4 Ned7 {0-1 (53) Husek,M (1900)-Hrabovsky,V (1979) Vsetin 2015}) 16... a5 {The position is equal.} 17. b5 Rc3 18. Bc1 Qb6+ 19. Kh1 Qc5 20. Rb3 Rc8 21. Bd2 Rxb3 22. Qxb3 Qd4 23. Bxa5 Nfd7 {[%cal Bf6d7,Bd7c5,Bc5a4,Ba4c3][%mdl 32]} 24. Nc2 Qa7 25. Bd2 Nc5 26. Qb1 $1 Na4 27. Be3 Qa8 28. Nd4 Nc3 29. Qb3 Nxe2 30. Nxe2 Nc4 31. Rc1 Nxe3 32. Qxe3 Rxc1+ 33. Nxc1 Qa5 34. Qe2 $1 Bb2 35. Nd3 {Precision: White = 51%, Black = 73%.} 1/2-1/2

[Event "48th Bosna Tournament 2018"]
[Site "Sarajevo"]
[Date "2018.05.10"]
[Round "8"]
[White "Diermair, Andreas"]
[Black "Manea, Alexandru"]
[Result "1-0"]
[WhiteElo "2504"]
[BlackElo "2402"]
[Annotator "TA"]
[PlyCount "75"]
[EventDate "2018.??.??"]
[EventType "swiss"]
[EventCountry "BIH"]
[SourceTitle "playchess.com"]
[Source "ChessBase"]
[SourceQuality "1"]

{[%evp 18,75,8,2,8,14,10,0,1,0,0,0,0,0,0,0,18,0,7,0,7,0,0,0,0,0,20,20,15,0,0,-5,0,0,38,15,272,167,160,154,160,181,177,168,194,199,193,198,195,184,287,295,372,371,364,368,349,363,741,734]} 1. Nf3 c5 2. e4 e6 3. g3 Nc6 4. Bg2 Nf6 5. Qe2 d6 6. O-O Be7 7. c3 e5 {C00: French: Unusual White 2nd moves} 8. Na3 O-O 9. Nc2 Re8 10. d3 {LiveBook: 3 Games} (10. Rd1 Bf8 11. d3 b5 12. a4 b4 13. cxb4 cxb4 {0-1 (23) Vachier Lagrave,M (2795)-Grischuk,A (2750) chess.com INT 2017}) 10... Rb8 $146 ({Predecessor:} 10... h6 11. Ne3 Be6 12. Nh4 d5 13. exd5 Nxd5 14. Nhf5 Bf8 15. Bxd5 Bxd5 16. Nxd5 Qxd5 {0-1 (36) Saulin,D (2390)-Kryakvin,D (2532) Sochi 2016}) 11. a4 a6 12. Ne3 Na5 13. Nd2 b5 14. axb5 axb5 15. f4 exf4 16. gxf4 {White wants to play e5.} Bf8 17. Qf2 Qc7 18. Qg3 Nc6 19. Kh1 Kh8 20. Bf3 Bb7 21. Qg2 Ra8 22. Rxa8 Bxa8 23. Rg1 Ne7 24. e5 Bxf3 25. Nxf3 Nh5 26. Ng5 $1 {[%cal Rg5f7,Bf3g5,Bg5e4,Be4d6][%mdl 32]} Kg8 $2 {[%mdl 8192] [#]} (26... dxe5 $11 {and Black stays safe.} 27. Nxf7+ Kg8 28. Nxe5 (28. fxe5 Kxf7 29. Qf3+ Kg8 $11) 28... Nxf4) 27. Qg4 Qc6+ 28. Ne4 d5 29. Nd6 $36 {[%mdl 2048] White is really pushing.} d4+ 30. Ng2 {[%cal Be3g2,Bg2h4,Bh4f3][%mdl 32]} g6 31. Nxe8 Qxe8 32. cxd4 cxd4 {[#]} 33. Nh4 $1 {Black must now prevent Qxh5.} Ng7 (33... Qc6+ {is a better defense.} 34. Qf3 Bh6) 34. f5 $18 Qc6+ 35. Qe4 Qxe4+ 36. dxe4 Nc6 37. Nf3 ({Weaker is} 37. fxg6 hxg6 38. Nf3 Ne6 $16) 37... Kh8 $2 (37... Nb4 38. Nxd4 Nd3 39. Nxb5 Nxe5) 38. Bh6 {Precision: White = 69%, Black = 49%.} 1-0

[Event "48th Bosna Tournament 2018"]
[Site "Sarajevo"]
[Date "2018.05.10"]
[Round "8"]
[White "Kadric, Denis"]
[Black "Kurajica, Bojan"]
[Result "1-0"]
[WhiteElo "2500"]
[BlackElo "2516"]
[Annotator "TA"]
[PlyCount "57"]
[EventDate "2018.??.??"]
[EventType "swiss"]
[EventCountry "BIH"]
[SourceTitle "playchess.com"]
[Source "ChessBase"]
[SourceQuality "1"]

{[%evp 10,57,34,29,32,31,44,43,75,69,79,77,120,76,81,70,108,88,131,97,118,89,97,98,122,97,108,105,119,85,79,66,72,57,118,108,286,318,404,368,777,708,759,754,827,820,954,954,2683,2572]} 1. e4 c5 2. Nc3 Nc6 3. Nge2 e5 4. Ng3 g6 5. Bc4 Bg7 6. d3 {LiveBook: 9 Games. B23: Closed Sicilian: Lines without g3} d6 7. h4 h5 8. Bg5 {White is slightly better.} Qd7 $146 ({Predecessor:} 8... Bf6 9. Qd2 Bxg5 10. hxg5 Nge7 11. O-O-O Be6 12. f4 exf4 {½-½ (66) Kadric,D (2546)-Javakhadze,Z (2453) Philadelphia 2016}) 9. Nd5 b6 10. c3 Bb7 11. a4 f6 12. Be3 Nge7 13. b4 Nd8 14. Nxe7 Kxe7 15. Qb3 Ne6 16. O-O {[%cal Bh1f1,Bf1f4,Bf4f3][%mdl 32]} Rac8 17. Rae1 Bc6 18. b5 Bb7 19. f4 exf4 20. Bxf4 Nxf4 21. Rxf4 Bh6 {[#]} ({Better is} 21... Rhf8 $1 $14) 22. Rf3 $1 $36 {[%mdl 2048] White has strong initiative.} Qg4 $2 (22... Rhf8 $16 {was called for.}) 23. Bd5 $18 c4 24. Qb4 {Strongly threatening e5.} Bf4 $2 (24... cxd3 25. Bxb7 d2) 25. e5 {White is clearly winning.} fxe5 26. Bxb7 Rc7 27. Re4 Rf8 28. Ne2 cxd3 29. Nxf4 {Precision: White = 71%, Black = 19%.} 1-0

[Event "48th Bosna Tournament 2018"]
[Site "Sarajevo"]
[Date "2018.05.10"]
[Round "8"]
[White "Blagojevic, Dragisa"]
[Black "Nestorovic, Dejan"]
[Result "1/2-1/2"]
[WhiteElo "2483"]
[BlackElo "2364"]
[Annotator "TA"]
[PlyCount "114"]
[EventDate "2018.??.??"]
[EventType "swiss"]
[EventCountry "BIH"]
[SourceTitle "playchess.com"]
[Source "ChessBase"]
[SourceQuality "1"]

{[%evp 30,114,39,35,35,35,31,36,31,38,52,43,57,47,50,33,55,60,70,76,78,73,91,85,81,81,81,87,147,149,176,144,152,120,128,123,141,138,145,75,75,0,103,75,67,57,35,35,22,-86,-77,-73,-47,-29997,-143,-133,-41,-42,-33,-61,-8,-8,-8,-8,0,0,0,0,0,0,0,0,0,0,0,0,0,0,0,0,0,0,0,0,0,0,0]} 1. d4 Nf6 2. c4 e6 3. Nf3 Bb4+ 4. Bd2 a5 5. g3 d5 6. a3 Be7 7. Bg2 c6 8. Qc2 O-O 9. O-O Nbd7 10. Bf4 Nh5 11. Bc1 Nhf6 12. b3 b5 13. c5 Ne4 14. Bb2 f5 15. Ne1 {E08: Closed Catalan: Main Line: 7 Qc2} Bg5 16. Nd3 {LiveBook: 8 Games} Qf6 $146 ({Predecessor:} 16... a4 17. b4 Bb7 18. e3 Qe7 19. Re1 Bh6 20. f3 Ng5 21. Nc3 Rae8 {1-0 (72) Shulman,B (2410)-Vaitzel,D (2345) ICCF email 2009}) 17. e3 {White is slightly better.} Qh6 18. Nd2 Nxd2 19. Qxd2 Ba6 20. Rfe1 Bd8 21. Bc3 Bc8 22. f3 a4 23. b4 Bf6 24. Qe2 g5 25. e4 $36 {[%mdl 2048] Black is under strong pressure.} Rf7 26. e5 Bd8 27. f4 g4 28. h3 gxh3 (28... Qg6 $142) 29. Bf3 $16 Rg7 {And now ...Bh4 would win.} 30. Kh2 {[%mdl 1024] White has strong compensation.} Nf8 31. Rg1 Raa7 32. Bd2 Kh8 33. Nf2 Rg8 34. Bh5 (34. Rh1 $142) 34... Rag7 35. Bf3 ({Better is} 35. Rae1 $16) 35... Bd7 (35... Ra7 $1 $11) 36. Raf1 Be8 37. Be3 Bf7 38. Nh1 Rg6 39. g4 (39. Bd2 $11) 39... fxg4 $17 40. Bxg4 Qh4 {[%cal Rg6g4]} 41. Bxh3 $2 {[%mdl 8192] [#]} (41. Bf2 $15 Qxg4 42. Rxg4 Rxg4 43. Qe3) 41... Rxg1 $2 (41... Qxh3+ $1 {[%mdl 512] mates} 42. Kxh3 Rh6+ 43. Qh5 Rxh5#) 42. Bxg1 {[#]} Bg6 (42... Qh6 $1 $17 {Hoping for ...Bh5.} 43. Ng3 Bh4) 43. Ng3 $1 $15 Qh6 44. f5 $1 Bxf5 (44... exf5 $15 45. Qf3 Ne6 46. Nxf5 Bxf5 47. Qxf5 Rg6) 45. Nxf5 $11 {The position is equal.} exf5 46. Qf3 $1 Ng6 {Threatens to win with ...Nh4.} 47. Be3 $1 {[%cal Re3h6]} f4 48. Bxf4 Nxf4 49. Qxf4 Qg7 50. Qf2 Bg5 51. Qg3 Qh6 52. Qf3 Be7 53. Qe2 Qh4 54. Qf2 Qh6 55. Qe2 Qh4 {( -> ...Qg3+)} 56. Qf2 {aiming for Qxh4.} Qh6 57. Qe2 Qh4 {Precision: White = 70%, Black = 46%.} 1/2-1/2

[Event "48th Bosna Tournament 2018"]
[Site "Sarajevo"]
[Date "2018.05.10"]
[Round "8"]
[White "Dizdarevic, Emir"]
[Black "Sadikhov, Ulvi"]
[Result "1/2-1/2"]
[WhiteElo "2458"]
[BlackElo "2473"]
[Annotator "TA"]
[PlyCount "30"]
[EventDate "2018.??.??"]
[EventType "swiss"]
[EventCountry "BIH"]
[SourceTitle "playchess.com"]
[Source "ChessBase"]
[SourceQuality "1"]

{[%evp 15,30,37,50,43,56,51,43,43,45,26,44,45,51,23,66,48,59]} 1. Nf3 Nf6 2. g3 g6 3. b3 Bg7 4. Bb2 O-O 5. Bg2 d6 6. d4 a5 7. O-O Nbd7 {A49: 1 d4 Nf6 2 Nf3 g6 3 g3: Anti-King's Indian systems} 8. c4 a4 {LiveBook: 10 Games} 9. Nc3 ({Much weaker is} 9. bxa4 Nb6 $15) 9... axb3 $146 ({Predecessor:} 9... Nb6 10. Qc2 d5 11. c5 a3 12. Bxa3 Rxa3 13. cxb6 cxb6 {0-1 (66) Carlsen,M (2838)-Jobava,B (2701) chess.com INT 2017}) 10. axb3 Rxa1 11. Qxa1 c6 12. e3 Re8 13. Nd2 h5 14. b4 Nf8 15. Qa5 Qxa5 1/2-1/2